Statystyki dla Linia 1 Kraków

Kliknij tutaj aby rozwiązać quiz!

Ogólne statystyki

  • Ten quiz został rozwiązany 53 razy
  • Średni wynik to 18 z 25

Statystyki odpowiedzi

Odpowiedź% Poprawnych
Salwator
95%
Salwator
95%
Poczta Główna
88%
Starowiślna
83%
Dąbie
81%
Filharmonia
81%
Rondo Grzegórzeckie
81%
Ofiar Dąbia
79%
Plac Wszystkich Świętych
79%
Tauron Arena Kraków Aleja Pokoju
79%
Teatr Variete
76%
Wańkowicza
76%
Hala Targowa
74%
Jubilat
71%
Francesco Nullo
71%
Centralna
69%
Fabryczna
67%
Rondo Czyżyńskie
67%
Bieńczycka
62%
Rondo Kocmyrzowskie im. Ks. Gorzelanego
60%
Rondo 308. Dywizjonu
57%
Komorowskiego
52%
M1 al. Pokoju
43%
Teatr Ludowy
43%
Cienista
38%

Rozkład punktacji

Percentyl według liczby udzielonych odpowiedzi

Procent ludzi z każdym wynikiem

Twoja historia wyników

Nie rozwiązałeś tego quizu